000 00793cam a22002414a 4500
001 12432873
005 20180308070652.0
008 010606s2001 nyua b 001 0 eng
010 _a 2001026890
020 _a0471414883 (alk. paper : cloth)
040 _aDLC
_cDLC
_dDLC
041 _aeng
042 _apcc
080 _a658.15 DAM
082 0 0 _a658.15 DAM
_221
100 1 _a51
101 _aINV
245 1 0 _aInvestment valuation :
_cAswath Damodaran.
504 _aIncludes bibliographical references and index.
906 _a7
_bcbc
_corignew
_d1
_eocip
_f19
_gy-gencatlg
942 _2ddc
_cBK
999 _c44459
_d44459